01705 a2200181 4500003000500000005001700005040000900022082001200031100002800043245004700071260003100118300001200149505118300161650001701344942002101361999001901382952012201401NUST20230126121123.0 cNust a909,TOY aToynbee, Arnold J96611 aBetween Oxus and Jumna /cArnold j Toynbee aLondonbOxford pressc1961 a210:p.; aThe Old World’s Eastern Roundabout (Page-1), To New Delhi by Jet (Page-11), Multan (Page-14), The Seven Climes (Page-16), Hazara (Page-19), The Indus in Fetters (Page-21), A Tell like Jericho v24), To the Indus in Alexander’s Tracks (Page-27), Two forts a Day (Page-31), Forts and Huts (Page-33), The Man who Dared (Page-35), World’s End (Page-37), Mewar (Page-40), Catching the Bus (Page-43), Through the Looking Glass (Page-46), The Paropanisadae (Page-51), The Arachosian Corridor (Page-53), A Human Wateshed (Page-56), Qandahar (Page-59), Maiwand (Page-64), Lashkari Bazar (Page-66), Heart (Page-73), Crossing the Doabi (Page-80), The Dasht-i-leili (Page-90), Balkh (Page-92), Sighting the Oxus (Page-97), Surkh Kotal (Page-105), Bamian (Page-111), Re-Crossing the Hindu Kush (Page-116), Feet Versus Wheels (Page-119), The Minar-i-Chakri (Page-121), Watersmeet (Page-125), Coming Down (Page-129), Happy the Country (Page-131),The Jeep road to the Roof of the World (Page-134), Ten Miles short of Chitral (Page-136), Dir and Swat (Page-144), Razmak and After (Page-151), Where four Roads Meet (Page-165), Baluchistan (Page-172), The Roundabout in Retrospect (Page-180). aOxus9107749 2ddccBKk909,TOY c186167d186167 00102ddc4070aMCSbMCScGENd2016-12-12o909 ,TOYpMCS21536r2016-12-08w2016-12-12yBKzAlmirah No.58, Shelf No.4